000 00283nam a2200133Ia 4500
100 _aBusiness/ Process Systems
942 _cBK
654 _aengineering
245 _aRe engineering
260 _bLucas eng & Systems
082 _a658.406
_bLUC
546 _aENGLISH
999 _c19894
_d19894